One Direction - Albums par ordre alphabétique - Statistiques

Statistiques générales
  • Ce quiz a été pris 50 fois
  • Le résultat moyen est 5 sur 5
Statistiques - réponses
Années Albums % Correct
F Four
100%
M Midnight Memories
95%
U Up All Night
95%
T Take Me Home
93%
M Made in the A.M.
91%
Aucun quiz correspondant
Distribution des résultats
% des personnes avec chaque résultat
Percentile par nombre de réponses
Votre historique - résultats
Vous n’avez pas pris ce quiz